000 00403nam a2200157Ia 4500
008 210716s2008 xx 000 0 und d
020 _a9788184720433
041 _aeng
082 _a005.133 AZAH
100 _aAzath, H;Devi, M Dhurga.
245 _aAdvanced c programming.
250 _a1
260 _aChennai
_bAnuradha Publications
_c2008
300 _a5.22,L.22,UQP.6
650 _aC Programming
999 _c189671
_d189671